000 00714nam a2200145Ia 4500
008 090123s9999 xx 000 0 und d
082 _b35447
245 _aशासनाच्या विविध कर्ज अनुदान योजना आणि आर्थिक विकास्
250 _a0
260 _bआमोद प्रकाशन
_c2003
300 _a102
630 _aशासनाच्या विविध कर्ज अनुदान योजना आणि आर्थिक विकास्
730 _aशासनाच्या विविध कर्ज अनुदान योजना आणि आर्थिक विकास्
942 _cBOOK
999 _c73514
_d73514